| 000 | 00000nam 2200000zi 4500 |
| 001 | 9.885766 |
| 003 | CaOODSP |
| 005 | 20241127095823 |
| 006 | m o d f |
| 007 | cr cn||||||||| |
| 008 | 200415s2020 onca ob f000 0 eng d |
| 040 | |aCaOODSP|beng|erda|cCaOODSP |
| 043 | |an-cn--- |
| 086 | 1 |aHP5-133/5-2020E-PDF |
| 245 | 00|aCoronavirus disease (COVID-19) : |bhow to isolate at home when you have COVID-19. |
| 264 | 1|a[Ottawa] : |bPublic Health Agency of Canada = Agence de la santé publique du Canada, |c[2020] |
| 300 | |a1 online resource (2 unnumbered pages) : |billustrations |
| 336 | |atext|btxt|2rdacontent |
| 337 | |acomputer|bc|2rdamedia |
| 338 | |aonline resource|bcr|2rdacarrier |
| 500 | |aIssued also in French under title: Maladie à coronavirus (COVID-19) : comment s'isoler chez soi en cas de COVID-19. |
| 500 | |aTitle from caption. |
| 500 | |aIssued also in HTML format. |
| 504 | |aIncludes references. |
| 520 | |a"Isolation means staying at home when you are sick and have symptoms of COVID-19 and avoiding contact with other people to help prevent the spread of disease to others in your home and your community"--Page [1]. |
| 650 | 0|aCOVID-19 (Disease)|zCanada. |
| 710 | 2 |aPublic Health Agency of Canada. |
| 775 | 08|tMaladie à coronavirus (COVID-19) : |w(CaOODSP)9.885768 |
| 775 | 08|t[Coronavirus disease (COVID-19)] : |w(CaOODSP)9.886133 |
| 775 | 08|t[Coronavirus disease (COVID-19)] : |w(CaOODSP)9.886139 |
| 775 | 08|t[Coronavirus disease (COVID-19)] : |w(CaOODSP)9.886141 |
| 775 | 08|t[Coronavirus disease (COVID-19)] : |w(CaOODSP)9.886145 |
| 775 | 08|t[Coronavirus disease (COVID-19)] : |w(CaOODSP)9.886150 |
| 775 | 08|t[Coronavirus disease (COVID-19)] : |w(CaOODSP)9.886156 |
| 775 | 08|t[Coronavirus disease (COVID-19)] : |w(CaOODSP)9.886165 |
| 775 | 08|t[Coronavirus disease (COVID-19)] : |w(CaOODSP)9.886178 |
| 775 | 08|t[Coronavirus disease (COVID-19)] : |w(CaOODSP)9.886184 |
| 775 | 08|t[Coronavirus disease (COVID-19)] : |w(CaOODSP)9.886194 |
| 775 | 08|t[Coronavirus disease (COVID-19)] : |w(CaOODSP)9.886203 |
| 775 | 08|t[Coronavirus disease (COVID-19)] : |w(CaOODSP)9.886217 |
| 775 | 08|t[Coronavirus disease (COVID-19)] : |w(CaOODSP)9.886224 |
| 775 | 08|t[Coronavirus disease (COVID-19)] : |w(CaOODSP)9.886228 |
| 775 | 08|t[Coronavirus disease (COVID-19)] : |w(CaOODSP)9.886231 |
| 775 | 08|t[Coronavirus disease (COVID-19)] : |w(CaOODSP)9.886249 |
| 775 | 08|t[Coronavirus disease (COVID-19)] : |w(CaOODSP)9.886298 |
| 775 | 08|t[Coronavirus disease (COVID-19)] : |w(CaOODSP)9.886306 |
| 775 | 08|t[Coronavirus disease (COVID-19)] : |w(CaOODSP)9.886312 |
| 775 | 08|t[Coronavirus disease (COVID-19)] : |w(CaOODSP)9.886707 |
| 856 | 40|qPDF|s349 KB|uhttps://publications.gc.ca/collections/collection_2020/aspc-phac/hp5-133/HP5-133-5-2020-eng.pdf |
| 856 | 4 |qHTML|sN/A|uhttps://www.canada.ca/en/public-health/services/publications/diseases-conditions/covid-19-how-to-isolate-at-home.html |